| 000 | 01324nam2a22002531 4500 | ||
|---|---|---|---|
| 001 | RU\NLR\INFOCOMM10\1000139430 | ||
| 005 | 20250617172444.0 | ||
| 035 | _a(NLR Aleph) 002848157 | ||
| 090 |
_a2992577 _c2992577 |
||
| 100 | _a20040126d1931 |||y0rusy50 ca | ||
| 101 | 0 | _arus | |
| 102 | _aRU | ||
| 105 | _ay ||||||||| | ||
| 200 | 1 |
_aНовые представители брахиопод из нижнего карбона Донецкого бассейна _aБрахиоподы и статиграфия нижнего карбона Донецкого бассейна _fРотай А.Н. |
|
| 210 |
_d1931 _aБ. м. |
||
| 461 | 0 |
_1001RU\NLR\INFOCOMM10\1000139357 _12001#$aТруды Всесоюзного геолого-разведочного объединения НКТП СССР$vВып.73 _93998427 _aВсесоюзное геолого-разведочное объединение _cЛ. _d1930-1935 _nОНТИ. Глав. ред. геолого-развед. и геодез. лит. _tТруды Всесоюзного геолого-разведочного объединения НКТП СССР _vВып.73 |
|
| 700 | 1 |
_aРотай _bА.Н. _4070 |
|
| 801 | 1 |
_aRU _bInfoComm _c20040126 |
|
| 801 | 0 |
_aRU _bNLR _gPSBO |
|
| 852 |
_aNLR _jП8/148 |
||
| 942 | _cISSUE | ||
| 980 | _aNB | ||
| 980 | _aRUSPER | ||